Os cinco e o lobisomem (Registo nº 4039)
[ vista simples ]
| 000 -Etiqueta do registo | |
|---|---|
| Cabeçalho | 00786nam0a2200265 4500 |
| 005 - Identificador da versão | |
| Campo de controlo | 20240813122051.0 |
| 010 ## - Número internacional normalizado dos livros (ISBN) | |
| Número (ISBN) | 972461283X |
| 021 ## - Número do Depósito Legal | |
| Código do país | PT |
| Número | 164 893/01 |
| 100 ## - Dados gerais de processamento | |
| Dados gerais de processamento | 20161124d2004 d y0pory5003 ba |
| 102 ## - Pais de publicação ou produção | |
| País de publicação | Portugal |
| 101 1# - Língua de publicação | |
| Língua do texto, banda sonora, etc. | Português |
| Língua do documento no original | Francês |
| 215 ## - Descrição física | |
| Indicação específica da natureza do documento e extensão da espécie | 162, [1] p. |
| Outras indicações físicas | il. |
| 200 1# - Titulo e menção de responsabilidade | |
| Título próprio | Os cinco e o lobisomem |
| Primeira menção de responsabilidade | Enid Blyton |
| Outras menções de responsabilidade | il. Annie-Claude Martin |
| 225 1# - Colecção | |
| Título próprio da colecção | Novas aventuras dos cinco |
| Indicação de volume | 24 |
| 205 ## - Menção da edição | |
| Menção da edição | 4ª ed. |
| 210 ## - Publicação, Distribuição, etc. | |
| Lugar da edição, distribuição, etc. | Lisboa |
| Nome do editor, distribuidor, etc. | Editorial Notícias |
| Data da publicação, distribuição, etc. | 2004 |
| 606 ## - Nome comum usado como assunto | |
| Número de registo de entrada de autoridade | 0001536 |
| Palavra de ordem | Literatura inglesa |
| Subdivisão de assunto | Romances de aventuras |
| Código do sistema | CA |
| 675 ## - Classificação Decimal Universal (CDU) | |
| Notação | 821.111-311.3 |
| Edição | 3ª ed. |
| Língua da edição | por |
| 702 #0 - Nome de autor-pessoa física (responsabilidade secundária) | |
| Número de registo de entrada de autoridade | 0001539 |
| Palavra de ordem | Martin |
| Outra parte do nome não tomada para palavra de ordem | Annie-Claude |
| Código de função | Ilustrador / Técnico de desenho computorizado |
| 700 #1 - Nome de autor-pessoa física (responsabilidade principal) | |
| Número de registo de entrada de autoridade | 0000883 |
| Palavra de ordem | Blyton |
| Outra parte do nome não tomada para palavra de ordem | Enid |
| Datas | 1897-1968 |
| 966 ## - Identificação da Biblioteca | |
| Sigla | EBVEN |
| 942 ## - Elementos de entrada adicionados (Koha) | |
| Tipo de item no Koha | Livro |
| Situação do levantamento | Origin of item (home branch) (coded) | Biblioteca de empréstimo | Código de barras | Cota | Circulation type (not for loan) | Tipo de documento | Nota do exemplar | Damaged status |
|---|---|---|---|---|---|---|---|---|
| Biblioteca Escolar das Vendas | Biblioteca Escolar das Vendas | BEV1820 | 8EST BLY | Livro | Sem mensagem |
